LEADER 01068nam a2200229 i 4500 001 000000213389 003 CaOOAMICUS 005 20200526155212.0 008 120522s1865 it u000 u mul u 013 $a192244 040 $aSeMil$bita 100 0 $aHomerus,$d.$0(OLS)http://semarc/name/1139 245 10$aInni omerici aggiunti gli Epigrammi e la Batrocomiomachia /$ctraduzione in versi col testo a fronte, con note dichiarative e filologiche a calce, ... del professore Bernardino Pozzuolo. 260 $aTorino [etc.] :$bParavia & C.,$c1865. 300 $a302 p. ;$c20 cm. 650 4$aOmero - Opere.$0(OLS)http://semarc/subject/33415 700 1 $aPozzuolo, Bernardino.$0(OLS)http://semarc/name/76011 850 $aSeMil 852 $aSeMil$W1$xVenegono$y1$m1Z III 115 FA$j163819$B163819$CSeMilBibl$Z2$F174883 $8I 996 $6245$aInni omerici aggiunti gli Epigrammi e la Batrocomiomachia$9(OLS)http://semarc/title/307662 996 $6260$aTorino [etc.] :$bParavia & C.$9(OLS)http://semarc/publisher/33758 LEADER 00875nam a2200229 i 4500 001 000000128758 003 CaOOAMICUS 005 20070629000000.0 008 070629s1960 it u000 u ita u 013 $a101486 040 $aSeMil$bita 100 1 $aMoretti, Marino,$d<1885-1979>.$0(OLS)http://semarc/name/6806 245 13$aIl libro dei miei amici /$cMarino Moretti. 260 $a[Milano] :$bArnoldo Mondadori Editore,$c1960. 300 $a362 p. ;$c20 cm. 490 0 $aNarratori italiani ;$v69 830 0$aNarratori italiani ;$v69.$0(OLS)http://semarc/title/6852 850 $aSeMil 852 $aSeMil$W1$xVenegono$y1$m1C II 278$j247358$B82970$CSeMilBibl$Z2$F124678 $81 961 $aRecupero: Altro 996 $6245$aIl libro dei miei amici$9(OLS)http://semarc/title/190305 996 $6260$a[Milano] :$bArnoldo Mondadori Editore$9(OLS)http://semarc/publisher/29634